UM Logo
Normal view MARC view
  • Xiao, Xianyong.

Entry Personal Name

Number of records used in: 1

001 - CONTROL NUMBER

  • control field: 53680

003 - CONTROL NUMBER IDENTIFIER

  • control field: OSt

005 - DATE AND TIME OF LATEST TRANSACTION

  • control field: 20240228134422.0

008 - FIXED-LENGTH DATA ELEMENTS

  • fixed length control field: 240228|| aca||aabn | a|a d

040 ## - CATALOGING SOURCE

  • Original cataloging agency: OSt
  • Transcribing agency: OSt

100 ## - HEADING--PERSONAL NAME

  • Personal name: Xiao, Xianyong.
  • Relator term: author.

670 ## - SOURCE DATA FOUND

  • Source citation: Work cat.: (OSt): Tian, Hanlei. author. 53677, Single-phase rectifieer with reduced common-mode current, auto-PFC, and power decoupling ability /, June 2022.